<?xml version="1.0" encoding="UTF-8"?>
<record
    xmlns:xsi="http://www.w3.org/2001/XMLSchema-instance"
    xsi:schemaLocation="http://www.loc.gov/MARC21/slim http://www.loc.gov/standards/marcxml/schema/MARC21slim.xsd"
    xmlns="http://www.loc.gov/MARC21/slim">

  <leader>02349nam a2200325 a 4500</leader>
  <controlfield tag="001">000045539</controlfield>
  <controlfield tag="005">20201002052314.0</controlfield>
  <controlfield tag="008">111125s2005    dr            000 p spa d</controlfield>
  <datafield tag="040" ind1=" " ind2=" ">
    <subfield code="a">DO-SdBNP</subfield>
    <subfield code="b">spa</subfield>
    <subfield code="c">BNPHU</subfield>
  </datafield>
  <datafield tag="041" ind1="1" ind2="7">
    <subfield code="a">ita</subfield>
    <subfield code="b">spa</subfield>
  </datafield>
  <datafield tag="082" ind1=" " ind2=" ">
    <subfield code="a">xxx</subfield>
    <subfield code="b">xxxx</subfield>
  </datafield>
  <datafield tag="245" ind1="0" ind2="3">
    <subfield code="a">L&#xB4;altra sponda dei sogni = La otra orilla de los sue&#xF1;os :</subfield>
    <subfield code="b">voci della poesia italiana contemporanea = voces de la poes&#xED;a italiana contempor&#xE1;nea /</subfield>
    <subfield code="c">preparada por Giampietro Schibotto, Pierfranco BruniVittorino Andreoli...[et al] ; traducci&#xF3;n Nieves Arribas...[et al].</subfield>
  </datafield>
  <datafield tag="260" ind1=" " ind2=" ">
    <subfield code="a">Santo Domingo :</subfield>
    <subfield code="b">Estemporanee</subfield>
    <subfield code="b">Direcci&#xF3;n general de la Feria del Libro</subfield>
    <subfield code="b">Secretar&#xED;a de Estado de Cultura,</subfield>
    <subfield code="c">2005.</subfield>
  </datafield>
  <datafield tag="300" ind1=" " ind2=" ">
    <subfield code="a">200 p. : ;</subfield>
    <subfield code="c">18 cm.</subfield>
  </datafield>
  <datafield tag="500" ind1=" " ind2=" ">
    <subfield code="a">La presente antolog&#xED;a biling&#xFC;e, preparada por Giampietro Schibotto y Pierfranco Bruni, ofrece a los lectores dominicanos unos cuantos poemas de algunas de las figuras m&#xE1;s interesantes de la poes&#xED;a italiana actual, voces vivas de un universo rico y complejo. Se trata de una invitaci&#xF3;n a la lectura, un primer encuentro que esperamos permita saborear la calidad y la fuerza de una fascinante experiencia literaria.</subfield>
  </datafield>
  <datafield tag="500" ind1=" " ind2=" ">
    <subfield code="a">Texto en dos idiomas</subfield>
  </datafield>
  <datafield tag="500" ind1=" " ind2=" ">
    <subfield code="a">Incluye datos biograf&#xED;cos de los autores a pie de p&#xE1;ginas.</subfield>
  </datafield>
  <datafield tag="505" ind1="0" ind2=" ">
    <subfield code="t">Pre&#xE1;mbulo --</subfield>
    <subfield code="t">Vittorino Andreoli --</subfield>
    <subfield code="t">Alberto Bevilacqua --</subfield>
    <subfield code="t">Giuseppe Bonaviri --</subfield>
    <subfield code="t">Pierfranco Bruni --</subfield>
    <subfield code="t">Corrado Calabr&#xF3; --</subfield>
    <subfield code="t">Patrizia Cavalli --</subfield>
    <subfield code="t">Giuseppe Conte --</subfield>
    <subfield code="t">Maurizio Cucchi --</subfield>
    <subfield code="t">Erri De Luca --</subfield>
    <subfield code="t">Bruno Forte --</subfield>
    <subfield code="t">Giovanni Giudici --</subfield>
    <subfield code="t">Meri Lao --</subfield>
    <subfield code="t">Valerio Magrelli --</subfield>
    <subfield code="t">Alda Merini --</subfield>
    <subfield code="t">Silvio Mignano --</subfield>
    <subfield code="t">Alessandro Parronchi --</subfield>
    <subfield code="t">Roberto Pazzi --</subfield>
    <subfield code="t">Cristanziano Serricchio --</subfield>
    <subfield code="t">Maria Luisa Spaziani --</subfield>
    <subfield code="t">Cesare Viviani --</subfield>
    <subfield code="t">Andrea Zanzotto --</subfield>
    <subfield code="t">Valentino Zaichen --</subfield>
    <subfield code="t">Poes&#xED;a y poetas, generaciones frete a frente: los contempor&#xE1;neos /</subfield>
  </datafield>
  <datafield tag="700" ind1="1" ind2="2">
    <subfield code="a">Schibotto, Giampietro</subfield>
    <subfield code="e">pre.</subfield>
    <subfield code="9">73598</subfield>
  </datafield>
  <datafield tag="700" ind1="1" ind2="2">
    <subfield code="a">Bruni, Pierfranco</subfield>
    <subfield code="e">pre.</subfield>
    <subfield code="9">50924</subfield>
  </datafield>
  <datafield tag="700" ind1="1" ind2="2">
    <subfield code="a">Arribas, Nieves</subfield>
    <subfield code="e">trad.</subfield>
    <subfield code="9">73599</subfield>
  </datafield>
  <datafield tag="700" ind1="1" ind2="2">
    <subfield code="a">Barriuso, Manuel</subfield>
    <subfield code="e">trad.</subfield>
    <subfield code="9">40698</subfield>
  </datafield>
  <datafield tag="700" ind1="1" ind2="2">
    <subfield code="a">M&#xE1;laga Delgado, Nuria</subfield>
    <subfield code="e">trad.</subfield>
    <subfield code="9">73600</subfield>
  </datafield>
  <datafield tag="700" ind1="1" ind2="2">
    <subfield code="a">Yglesias, Jorge</subfield>
    <subfield code="e">trad.</subfield>
    <subfield code="9">73601</subfield>
  </datafield>
  <datafield tag="700" ind1="1" ind2="2">
    <subfield code="a">Manera, Danilo</subfield>
    <subfield code="e">trad.</subfield>
    <subfield code="9">23179</subfield>
  </datafield>
  <datafield tag="700" ind1="1" ind2="2">
    <subfield code="a">Anad&#xF3;n, Pablo</subfield>
    <subfield code="e">trad.</subfield>
    <subfield code="9">73602</subfield>
  </datafield>
  <datafield tag="700" ind1="1" ind2="2">
    <subfield code="a">P&#xE9;rez Vicente, Nuria</subfield>
    <subfield code="e">trad.</subfield>
    <subfield code="9">50923</subfield>
  </datafield>
  <datafield tag="700" ind1="1" ind2="2">
    <subfield code="a">Lao, Meri</subfield>
    <subfield code="e">trad.</subfield>
    <subfield code="g">se autotraduce</subfield>
    <subfield code="9">73603</subfield>
  </datafield>
  <datafield tag="700" ind1="1" ind2="2">
    <subfield code="a">Mignano, Silvio</subfield>
    <subfield code="e">trad.</subfield>
    <subfield code="g">se autotraduce</subfield>
    <subfield code="9">73604</subfield>
  </datafield>
  <datafield tag="952" ind1=" " ind2=" ">
    <subfield code="0">0</subfield>
    <subfield code="1">0</subfield>
    <subfield code="7">1</subfield>
    <subfield code="8">PD</subfield>
    <subfield code="a">PD</subfield>
    <subfield code="b">PD</subfield>
    <subfield code="c">HD</subfield>
    <subfield code="d">2015-04-14</subfield>
    <subfield code="i">LF1</subfield>
    <subfield code="l">0</subfield>
    <subfield code="o">xxx xxxx</subfield>
    <subfield code="p">45539-10</subfield>
    <subfield code="r">2020-06-25</subfield>
    <subfield code="w">2020-06-25</subfield>
    <subfield code="y">LFPD</subfield>
    <subfield code="Z">No se presta</subfield>
  </datafield>
  <datafield tag="999" ind1=" " ind2=" ">
    <subfield code="c">45028</subfield>
    <subfield code="d">45028</subfield>
  </datafield>
</record>
